000 00300nam a2200121Ia 4500
008 230411s9999 xx 000 0 und d
041 _aeng
082 _aEN/420/MAL/B04870
100 _aMali Ramling B
_9177292
245 _aEnglish for Nurses
260 _aMumbai
_c2004
999 _c155458
_d155458